Statistiques concernant Les talents dans Gardiens des Cités perdues

Cliquez ici pour prendre le quiz!

Statistiques générales

  • Ce quiz a été pris 149 fois
  • Le résultat moyen est 19 sur 22

Statistiques - réponses

TalentElfe le possédant% Correct
TélépatheSophie Foster
Fitz Vacker
Alden Vacker
M.Forkle
Tiergan
Conseiller Emery
Prentice Endal
Quinlin Sonden
Gethen Ondsinn
100%
EmpatheKeefe Sencen
Lord Cassius Sencen
Conseillère Oralie
Stina Heks
Vika Heks
Vespéra Folend
99%
TéléporteurSophie Foster
99%
OptimisateurSophie Foster
99%
InstillateurSophie Foster
Conseiller Bronte
99%
PolyglotteSophie Foster
Lady Cadence Talle
Lady Gisela Sencen
Conseillère Clarette
99%
EclipseurConseillère Ramira
Biana Vacker
Della Vacker
Alvar Vacker
Spectre
98%
TechnopatheDex Dizznee
Mécano
Lady Iskra
98%
PyrokinésisteFintan Pyren
Brant
Marella Redek
97%
InvocateurEdaline Ruewen
Lady Cadence Talle
Jolie Ruewen
Conseillère Liora
96%
HypnotiseurGrady Ruewen
96%
HydrokinésisteLinh Song
95%
TénébreuxTam Song
Lady Zillah
Ombre
94%
FlasheurConseillère Clarette
Elwin Heslege
Wylie Endal
Cyrah Endal
Orem Vacker
Luzia Vacker
Lueur
85%
GivreurJuline Dizznee
Lex Dizznee
85%
EnjôleurConseillère Alina
82%
PsionipatheRuy Ignis
Maruca Chebota
79%
DiscerneurConseiller Terik
75%
PhaseurFernan Babblos
Lady Alexine
Conseiller Darek
Brume
Bex Dizznee
70%
VociférateurConseiller Noland
61%
ChargeurConseillère Zarina
55%
RafaleurDurand Redek
Conseillère Velia
Trix
53%

Distribution des résultats

Percentile par nombre de réponses

% des personnes avec chaque résultat

Votre développement - résultats

Vous n’avez pas pris ce quiz